000 00313nam a2200133Ia 4500
008 240624s9999 xx 000 0 und d
041 _aeng
082 _a823 IYE
100 _aIYER PICO
245 _aMAN WITHIN MY HEAD
260 _c2012
_aLondon
_bPenguin Books
300 _a241p. : cm. ; 23
365 _cRS
_b25
999 _c19950
_d19950